000 00668nam a2200217 a 4500
999 _c4499
_d4499
001 4499
003 BD-JhCC
005 20171127205207.0
008 171127s1981 bg |||| ||a| 001 0 ben d
035 _a(BD-JhCC)4499
040 _aBD-JhCC
_dBD-JhCC
041 _aben
082 _a907.2
_bTAR 1981
100 _aতরফদার, মমতাজুর রহমান
245 _aইতিহাস ও ঐতিহাসিক /
_cমমতাজুর রহমান তরফদার
260 _aঢাকা :
_bবাংলা একাডেমী,
_c1981.
300 _a144 p. :
_c22 cm.
650 _aHistory
942 _2ddc
_cBK